Basic&Clinical Pharmacology / (Record no. 33683)
[ view plain ]
| 000 -LEADER | |
|---|---|
| fixed length control field | 00372nam a22001457a 4500 |
| 005 - DATE AND TIME OF LATEST TRANSACTION | |
| control field | 20240502121510.0 |
| 008 - FIXED-LENGTH DATA ELEMENTS--GENERAL INFORMATION | |
| fixed length control field | 230922b |||||||| |||| 00| 0 eng d |
| 082 ## - DEWEY DECIMAL CLASSIFICATION NUMBER | |
| Classification number | 615.1 |
| Item number | KAT-B |
| 100 ## - MAIN ENTRY--AUTHOR | |
| Author Name | Katzung,Bertram G. |
| 245 ## - TITLE STATEMENT | |
| Title | Basic&Clinical Pharmacology / |
| 300 ## - PHYSICAL DESCRIPTION | |
| Pages | 563p. |
| 500 ## - GENERAL NOTE | |
| General note | include index . |
| 650 ## - SUBJECT ADDED ENTRY--TOPICAL TERM | |
| Subject / Department | Medical / Pharmacology |
| 300 ## - PHYSICAL DESCRIPTION | |
| -- | ill; |
| -- | 24cm. |
| 952 ## - LOCATION AND ITEM INFORMATION (KOHA) | |
| -- | 0 |
| -- | 0 |
| Lost status | Damaged status | Collection code | Permanent Location | Current Location | Shelving Location | Date acquired | Full Call Number | Accession No./Barcode | Date last seen | item type |
|---|---|---|---|---|---|---|---|---|---|---|
| Superior Information Resource Center (SIRC) Superior University- Main Campus | Superior Information Resource Center (SIRC) Superior University- Main Campus | Medical | 09/22/2023 | 615.1 KAT-B | 20588 | 09/22/2023 | BOOK |
